000 00289nam a22001337a 4500
003 SGT
020 _a9780262033275
082 _a629.892,CHO
100 _aCHOSET, HOWIE
245 _aPRINCIPLES OF ROBOT MOTION
260 _aLONDON
_bBRADFORD THE
_c2005
300 _a603
942 _2ddc
_cBK
999 _c33284
_d33284